Geometría : curso moderno para escuelas industriales /
Guardado en:
| Autor Principal: | |
|---|---|
| Otros Autores: | |
| Formato: | Libro |
| Publicado: |
Buenos Aires :
Cesarini,
1973
|
| Edición: | 2a. ed. |
| Materias: | |
| Etiquetas: |
Agregar Etiqueta
Sin Etiquetas, Sea el primero en etiquetar este registro!
|
| LEADER | 00862nam a22002175a 4500 | ||
|---|---|---|---|
| 001 | CEM.cems006176 | ||
| 005 | 20060214000000.0 | ||
| 008 | 130507s1973##################000#0#####d | ||
| 003 | CEMS | ||
| 082 | 0 | 4 | |a 513 |
| 100 | 1 | |a Tajani, Miguel M | |
| 245 | 1 | 0 | |a Geometría : |b curso moderno para escuelas industriales / |
| 250 | |a 2a. ed. | ||
| 260 | |a Buenos Aires : |b Cesarini, |c 1973 | ||
| 300 | |a 268 p. | ||
| 505 | 0 | |a Lugar geometrico; Congruencia de triangulos; Suma de angulos interiores; Propiedad del angulo exterior; Relación entre los lados de un triangulo; Relación entre los lados y angulos en un triangulo; Triangulos rectangulos; Problemas resueltos y propuestos | |
| 653 | |a Geometria 1er. año | ||
| 653 | |a Geometria 1er. año tecnico | ||
| 653 | |a Matematica | ||
| 700 | 1 | |a Vallejo, Manuel | |
| 859 | |a CEMS |b BIB. CEMS - 11 de abril |h 513 |i T139a20/I |p 5320.76 |t Ej.1 | ||
